Return to righteousness : (Record no. 574591)

MARC details
000 -LEADER
fixed length control field 00975nam a2200301 a 4500
001 - CONTROL NUMBER
control field vtls001275843
003 - CONTROL NUMBER IDENTIFIER
control field NLI
005 - DATE AND TIME OF LATEST TRANSACTION
control field 20210627042044.0
008 - FIXED-LENGTH DATA ELEMENTS--GENERAL INFORMATION
fixed length control field 120416s1965 ce ach 001 i eng
039 #9 - LEVEL OF BIBLIOGRAPHIC CONTROL AND CODING DETAIL [OBSOLETE]
-- 201204161749
-- VLOAD
040 ## - CATALOGING SOURCE
Original cataloging agency NLI
Language of cataloging eng
Transcribing agency Datasoft_G&E
Description conventions AACR2
041 0# - LANGUAGE CODE
Language code of text/sound track or separate title eng
044 ## - COUNTRY OF PUBLISHING/PRODUCING ENTITY CODE
MARC country code ce
082 04 - DEWEY DECIMAL CLASSIFICATION NUMBER
Classification number 808
100 1# - MAIN ENTRY--PERSONAL NAME
Personal name Dharmapala, Anagarika,
Dates associated with a name 1864-1933
9 (RLIN) 693903
245 10 - TITLE STATEMENT
Title Return to righteousness :
Remainder of title a collection of speeches /
Statement of responsibility, etc. essays and letters of the Anagarika Dharmapala ; edited by Ananda Guruge
260 ## - PUBLICATION, DISTRIBUTION, ETC.
Place of publication, distribution, etc. Ceylon :
Name of publisher, distributor, etc. Government Press,
Date of publication, distribution, etc. 1965
300 ## - PHYSICAL DESCRIPTION
Extent lxxxiv, 875 p. :
Other physical details ill., facsims, ports. ;
Dimensions 22 cm.
500 ## - GENERAL NOTE
General note Includes index
600 10 - SUBJECT ADDED ENTRY--PERSONAL NAME
Personal name Dharmapala, Anagarika
General subdivision Correspondence
9 (RLIN) 693904
700 1# - ADDED ENTRY--PERSONAL NAME
Personal name Guruge, Ananda,
Relationship edt
9 (RLIN) 693905
887 ## - NON-MARC INFORMATION FIELD
Content of non-MARC field
901 ## - LOCAL DATA ELEMENT A, LDA (RLIN)
a G38766
b 21.05.2004
902 ## - LOCAL DATA ELEMENT B, LDB (RLIN)
a E 808 D 535
904 ## - LOCAL DATA ELEMENT D, LDD (RLIN)
l 38766
949 ## - LOCAL PROCESSING INFORMATION (OCLC)
-- VIRTUAITEM
-- 10000
-- 100
6 GXX000038766ENG
942 ## - ADDED ENTRY ELEMENTS (KOHA)
Source of classification or shelving scheme Dewey Decimal Classification
Koha item type Books
Holdings
Withdrawn status Lost status Damaged status Not for loan Collection code Home library Current library Shelving location Date acquired Total Checkouts Full call number Barcode Date last seen Price effective from Koha item type
        New English National Library of India National Library of India New English - Main Stack Division     E 808 D 535 GXX000038766ENG 27/06/2021 27/06/2021 Books
                                                                           
web counter

Copyright ©2020 The National Library of India, Govt. of India ↔ Hosted by NVLI, MOC ↔ Technology and Design by National Library of India, Ministry of Culture, Govt. of India